000 00294nam a22001337a 4500
008 180123b xxu||||| |||| 00| 0 eng d
020 _a0895770458
041 _aeng
080 _a781
100 _a45
101 _aMUZ
245 _aAmerican Folklore and Legend
_cPolley, J
942 _2udc
_cBK
999 _c40743
_d40743